Nom d'item par silhouette - Isaac - Statistiques

Statistiques générales
  • Ce quiz a été pris 79 fois
  • Le résultat moyen est 6 sur 16
Statistiques - réponses
Par images Réponse % Correct
The sad onion
79%
Dr. fetus
73%
Mom's eye
58%
Breath of life
45%
Eye of the occult
45%
Monstro's tooth
41%
Lil loki
38%
Sack head
35%
Rosary
30%
Strawman
30%
Tropicamide
20%
Lemon mishap
15%
Member card
15%
Shade
15%
Bob's rotten head
14%
Thunder thighs
13%
Aucun quiz correspondant
Distribution des résultats
% des personnes avec chaque résultat
Percentile par nombre de réponses
Votre historique - résultats
Vous n’avez pas pris ce quiz